1113 1197 1899 1186 1673 1899 1075 1131 1660 1318 1461 1872 1535 1897 1919 1592 1004 1302 1902 1882 1832 1624 1982 1459 1626 1328 1745 1999 1440 1926 1576 1391 1306 1483 1180 1782 1145 1919 1161 1768 1155 1874 1296 1178 1768 1095 1622 1925 1178 1135 1773 1371 1323 1044 1668 1271 1908 1723 1017 1942 1005 1130 1523 1556 1463 1060 1610 1153 1721 1417 1009 1211 1833 1122 1836 1637 1100 1470 1823 1325 1718 1521 1817 1260 1872 1927 1365 1799 1072 1049 1984 1750 1454 1708 1245 1561 1418 1291 1756 BCNSPRNW ULIB Ver.6.0+V

เปลี่ยนเป็นภาษาไทย

Change to English
 แสดงรายละเอียดบรรณานุกรม
  กลับหน้าหลัก

Brief Record : Get Marc (ISO 2709) : E-mail record : QR code < ปิดหน้าต่าง
LEADER : 00000nam 2200000uu 4500
001    13399127982
003     ULIB
008    211124s2561||||th 000 0 tha d
020    ^a9789740321330
050  4 ^aHA32^bศ452ก
100 0  ^aศิริชัย พงษ์วิชัย
245 10 ^aการวิเคราะห์ข้อมูลทางสถิติด้วยคอมพิวเตอร์ /^cศิริชัย พงษ์วิชัย
250    ^aพิมพ์ครั้งที่ 26
260    ^aกรุงเทพฯ :^bสำนักพิมพ์แห่งจุฬาลงกรณ์มหาวิทยาลัย,^c2561
300    ^a479, [5] หน้า :^bภาพประกอบ ;^c26 ซม.
650  7 ^aเอสพีเอสเอสสำหรับวินโดวส์
650  7 ^aเอสพีเอสเอส (โปรแกรมคอมพิวเตอร์)
650  7 ^aสังคมศาสตร์^xการประมวลผลข้อมูล
650  7 ^aสถิติวิเคราะห์
650  7 ^aสถิติ^xโปรแกรมคอมพิวเตอร์
650  7 ^aสถิติ^xการประมวลผลข้อมูล
650  7 ^aการประมวลผลข้อมูลอิเล็กทรอนิกส์
945    ^p350^l0^i29152
945    ^p350^l0^i29153
945    ^p350^l0^i29154
945    ^p350^l0^i29155
945    ^p350^l0^i29156
999    ^aกัณชพร จุลอักษร
รายการนี้ยังไม่มีแท็ก
คุณยังไม่ได้ล็อกอิน คุณสามารถมีกิจกรรมร่วมกับเว็บไซต์ได้ แต่ต้องล็อกอินก่อน ::
  ล็อกอิน

รายการสื่อสารสนเทศ

ลำดับที่ ประเภท เลขเรียก/บาร์โค้ด สถานที่ สถานะ
1. หนังสือสำรอง
หนังสือสำรอง
HA32 ศ452ก ฉ.1 
  Barcode: 29152
ห้องสมุดวิทยาเขตนครสวรรค์
►หนังสือทั่วไป:l:General Books
บนชั้น
2. วิทยาศาสตร์การแพทย์ และสุขภาพ
วิทยาศาสตร์การแพทย์ และสุขภาพ
HA32 ศ452ก ฉ.2 
  Barcode: 29153
ห้องสมุดวิทยาเขตนครสวรรค์
►หนังสือทั่วไป:l:General Books
บนชั้น
3. วิทยาศาสตร์การแพทย์ และสุขภาพ
วิทยาศาสตร์การแพทย์ และสุขภาพ
HA32 ศ452ก ฉ.3 
  Barcode: 29154
ห้องสมุดวิทยาเขตนครสวรรค์
►หนังสือทั่วไป:l:General Books
บนชั้น
4. วิทยาศาสตร์การแพทย์ และสุขภาพ
วิทยาศาสตร์การแพทย์ และสุขภาพ
HA32 ศ452ก ฉ.4 
  Barcode: 29155
ห้องสมุดวิทยาเขตนครสวรรค์
►หนังสือทั่วไป:l:General Books
บนชั้น
5. วิทยาศาสตร์การแพทย์ และสุขภาพ
วิทยาศาสตร์การแพทย์ และสุขภาพ
HA32 ศ452ก ฉ.5 
  Barcode: 29156
ห้องสมุดวิทยาเขตนครสวรรค์
►หนังสือทั่วไป:l:General Books
บนชั้น

รายการใกล้เคียง
    ผู้แต่ง [ศิริชัย พงษ์วิชัย]

    หัวเรื่อง [เอสพีเอสเอสสำหรับวินโดวส์]
    หัวเรื่อง [เอสพีเอสเอส (โปรแกรมคอมพิวเตอร์)]
    หัวเรื่อง [สถิติวิเคราะห์]
    หัวเรื่อง [การประมวลผลข้อมูลอิเล็กทรอนิกส์]

BibComment


ยังไม่เคยถูกคอมเมนท์

คอมเมนท์ทรัพยากรรายการนี้
  คอมเมนท์: การวิเคราะห์ข้อม..


 Copyright 2026. Bcnsprnw @Library